Central Library OPAC University of Rajshahi

Assiyasatu wal othoniatu fi sharey Ahmad Shawqi = Politics and Patriotism in the poetry of Ahamd Shawqi / (Record no. 75848)

MARC details
000 -LEADER
fixed length control field 01116ntm a2200277 a 4500
001 - CONTROL NUMBER
control field 75848
003 - CONTROL NUMBER IDENTIFIER
rucl marc code BD-RjUL
005 - DATE AND TIME OF LATEST TRANSACTION
control field 20211209082744.0
008 - FIXED-LENGTH DATA ELEMENTS--GENERAL INFORMATION
fixed length control field 190725s2018 bg a|||| bm|| 00| 0 Ara d
035 ## - SYSTEM CONTROL NUMBER
System control number (BD-RjUL)76067
040 ## - CATALOGING SOURCE
Original cataloging agency BD-RjUL
Language of cataloging eng
Transcribing agency BD-RjUL
Modifying agency BD-RjUL
041 ## - LANGUAGE CODE
Language code of text/sound track or separate title eng
082 ## - DEWEY DECIMAL CLASSIFICATION NUMBER
Edition number 23
Classification number 892.7109
Author mark and year HAA 2018
100 1# - MAIN ENTRY--PERSONAL NAME
Personal name Haque, Md. Sazidul
9 (RLIN) 232513
245 10 - TITLE STATEMENT
Title Assiyasatu wal othoniatu fi sharey Ahmad Shawqi = Politics and Patriotism in the poetry of Ahamd Shawqi /
Statement of responsibility, etc. Md. Sazidul Haque ;
Linkage Supervisor: S. M. Abdus Salam
246 ## - VARYING FORM OF TITLE
Title proper/short title Politics and Patriotism in the poetry of Ahamd Shawqi
260 ## - PUBLICATION, DISTRIBUTION, ETC. (IMPRINT)
Place of publication, distribution, etc. Rajshahi :
Name of publisher, distributor, etc. Department of Arabic, University of Rajshahi,
Date of publication, distribution, etc. 2018
300 ## - PHYSICAL DESCRIPTION
Pagination iv, [9], 339 leaves ;
Size 29 cm.
500 ## - GENERAL NOTE
General note "Text in Arabic"
502 ## - DISSERTATION NOTE
Dissertation note Thesis (Ph. D.) -- Department of Arabic, University of Rajshahi, 2018
504 ## - BIBLIOGRAPHY, ETC. NOTE
Bibliography, etc Bibliography: Leaves [331]-339
600 ## - SUBJECT ADDED ENTRY--PERSONAL NAME
Personal name Shawqi, Ahmad,
Dates associated with a name 1868-1932
General subdivision Criticism and interpretation
650 ## - SUBJECT ADDED ENTRY--TOPICAL TERM
Topical term or geographic name as entry element Arabic Poetry
Form subdivision History and Criticism
9 (RLIN) 232514
700 ## - ADDED ENTRY--PERSONAL NAME
Personal name Salam, S. M. Abdus, Supervisor
942 ## - ADDED ENTRY ELEMENTS (KOHA)
Source of classification or shelving scheme Dewey Decimal Classification
Koha item type Theses
Holdings
Lost status Source of classification or shelving scheme Damaged status Not for loan Collection code Permanent Location Current Location Shelving location Date acquired Source of acquisition Total Checkouts Full call number Date last seen Copy number Koha item type
  Dewey Decimal Classification   Not For Loan Theses Central Library, University of Rajshahi Central Library, University of Rajshahi Documentation Section 28/04/2019 Controller of Examination Office, R. U.   ATHE 892.7109 HAA 2018 25/07/2019 C-1 Theses